000 01225cam a2200337 a 4500
999 _c549
_d549
001 16859908
003 GZU
005 20200907104814.0
008 110707s2011 enk b 001 0 eng
010 _a 2011028605
020 _a9781441120489 (hardcover)
020 _a9781441102072 (pbk.)
040 _aDLC
_cDLC
_dDLC
043 _ae------
_aa-tu---
050 0 0 _aD1056.2
_bMUS 2011
082 0 0 _a305.6/97094
_223
245 0 0 _aEuropean Muslims, civility and public life perspectives on and from the Gülen movement /
_cedited by Paul Weller and Ihsan Yilmaz.
260 _aLondon ;
_aNew York :
_bContinuum International Pub. Group,
_c2011.
300 _axxxiv, 255 p. ;
_c24 cm.
504 _aIncludes bibliographical references (p. 211-228) and index.
600 1 0 _aGülen, Fethullah.
650 0 _aMuslims
_zEurope.
650 0 _aMuslims
_xEthnic identity.
650 0 _aIslamic education
_zEurope.
650 0 _aIslam and politics
_zTurkey.
700 1 _aWeller, Paul,
_d1956-
700 1 _aYılmaz, İhsan,
_d1971-
906 _a7
_bcbc
_corignew
_d1
_eecip
_f20
_gy-gencatlg
942 _2lcc
_cBK
_h1056.2
_iMUS
_kD